000 00324nam a22001457a 4500
003 SGT
020 _a978019564598
082 _a342.095 4,AUS
100 _aAUSTIN,GRANVILLE
245 _aTHE INDIAN COSTITUTION
260 _aNEW DELHI
_bOXFORD
_c2015
300 _a188
650 _aINDIAN COSTITUTION
942 _2ddc
_cBK
_03
999 _c10703
_d10703